00527 2200205 4500001002100000005001700021008004100038035002400079082001000103090001800113245005800131260001200189300001800201650002000219700003400239850001200273980001500285985000600300999001500306YOGYA-0209000006534920090227040427.0 ind  0010-020900000065349 a783.2 a783.2bKeklT aKEKIDUNGAN Mis Sutjicgangsal warni, mawi angka swara aJakarta a46 hlmc16 cm aNyanyian rohani aSeksi St Paulus Seminari Alit aYOPDYOG a15-10-2008 a1 aa000054966